[Event "Moscow Open 2009 B"]
[Site "www.moscowchessopen.ru"]
[Date "2009.02.06"]
[Round "7.189"]
[White "Voronov, Vladimir Yu"]
[Black "Klepikov, Nikita"]
[Result "1/2-1/2"]
[WhiteElo "1926"]
[BlackElo "1400"]
[Annotator ""]
[Source ""]
[Remark ""]

1.Nf3 Nf6 2.e3 g6 3.b4 Bg7 4.Bb2 O-O 5.d4 d5 6.Be2 a6 7.O-O Nc6
8.a3 Bg4 9.Nbd2 b5 10.Nb3 Ne4 11.Ne5 Bxe2 12.Qxe2 Nxe5 13.dxe5
Nd6 14.Nc5 Nc4 15.Bd4 Nxe5 16.Bxe5 Bxe5 17.Ra2 Bd6 18.a4 Bxc5
19.bxc5 c6 20.f4 e6 21.Qd3 Qf6 22.c3 Qf5 23.Qd4 Qe4 24.axb5 Qxd4
25.exd4 axb5 26.Raa1 Rxa1 27.Rxa1 1/2-1/2

[Event "Moscow Open 2009 B"]
[Site "www.moscowchessopen.ru"]
[Date "2009.02.06"]
[Round "7.190"]
[White "Popenko, Igor"]
[Black "Seregin, Alexey"]
[Result "0-1"]
[WhiteElo "1400"]
[BlackElo "1916"]
[Annotator ""]
[Source ""]
[Remark ""]

1.e4 d5 2.exd5 Nf6 3.Nf3 Nxd5 4.d3 Nc6 5.Be2 e5 6.O-O Bc5 7.Re1
O-O 8.Bf1 h6 9.c4 Nf6 10.h3 Bf5 11.Be3 Bxe3 12.Rxe3 e4 13.Ne1
Re8 14.Nc3 exd3 15.Rxe8+ Qxe8 16.Nxd3 Rd8 17.Qf3 Bxd3 18.Bxd3
Ne5 19.Qxb7 Nxd3 20.b3 Qe5 21.Rd1 Qxc3 22.Qxc7 Qd4 23.c5 Qxf2+
24.Kh1 Re8 25.c6 Nf4 26.Rg1 Ne2 27.Rd1 Nf4 28.Rg1 Re1 0-1

[Event "Moscow Open 2009 B"]
[Site "www.moscowchessopen.ru"]
[Date "2009.02.06"]
[Round "7.191"]
[White "Rusinov, Mikhail"]
[Black "Saifutdinov, Rustam"]
[Result "1/2-1/2"]
[WhiteElo "1911"]
[BlackElo "1400"]
[Annotator ""]
[Source ""]
[Remark ""]

1.e4 c5 2.Nf3 Nc6 3.c3 d5 4.Bd3 Bg4 5.h3 Bh5 6.exd5 Qxd5 7.Be2
Nf6 8.d3 e5 9.O-O Be7 10.Na3 O-O 11.Nc4 Rad8 12.Ne3 Qd7 13.Nc4
Qc7 14.Qc2 Bg6 15.Nh4 Nd5 16.Nxg6 hxg6 17.Re1 Rd7 18.Bf3 Rfd8
19.b3 Bf6 20.Bb2 Nf4 21.Be4 Nxd3 22.Red1 Nxb2 23.Nxb2 b5 24.Rxd7
Rxd7 25.Rd1 Nd8 26.Rxd7 Qxd7 27.Qd3 Qxd3 28.Nxd3 Ne6 29.f3 Kf8
30.Bc6 a6 1/2-1/2

[Event "Moscow Open 2009 B"]
[Site "www.moscowchessopen.ru"]
[Date "2009.02.06"]
[Round "7.192"]
[White "Pristalov, Evgeny"]
[Black "Shlyakhov, Ivan"]
[Result "0-1"]
[WhiteElo "1905"]
[BlackElo "1400"]
[Annotator ""]
[Source ""]
[Remark ""]

1.e4 d6 2.d4 c6 3.Nc3 Nd7 4.Be3 g6 5.Qd2 Bg7 6.O-O-O Ngf6 7.f3
O-O 8.Bh6 Qc7 9.g4 a6 10.h4 Re8 11.h5 Nf8 12.hxg6 fxg6 13.Nh3
e5 14.dxe5 dxe5 15.Ng5 Be6 16.Nxe6 Nxe6 17.Be3 Rad8 18.Qf2 Rxd1+
19.Nxd1 b5 20.Nc3 Rf8 21.Qh2 Nf4 22.Bxf4 exf4 23.Be2 Rf7 24.Rd1
Nd7 25.Nb1 Qe5 26.c3 Bf6 27.Bd3 Kg7 28.Bc2 Bd8 29.Na3 Bb6 30.Bb3
Be3+ 31.Kb1 Re7 32.Nc2 Qf6 33.Qe2 Ne5 34.Rd8 Rf7 35.Bxf7 Qxd8
36.Bb3 Bc5 37.Ne1 h5 38.gxh5 gxh5 39.Qh2 Qg5 40.Bd1 Kh6 41.Ng2
Ng6 42.Be2 h4 43.Bf1 Qg3 44.Qxg3 fxg3 45.Kc2 h3 46.Ne1 Nf4 47.Bxh3
Nxh3 48.Ng2 Kg5 49.e5 0-1

[Event "Moscow Open 2009 B"]
[Site "www.moscowchessopen.ru"]
[Date "2009.02.06"]
[Round "7.193"]
[White "Babkin, Ivan"]
[Black "Sundukova, Ekaterina"]
[Result "1/2-1/2"]
[WhiteElo "1890"]
[BlackElo "1400"]
[Annotator ""]
[Source ""]
[Remark ""]

1.d4 e6 2.Nc3 d5 3.e4 dxe4 4.Nxe4 Nf6 5.Bg5 Be7 6.Bxf6 Bxf6 7.c3
Nd7 8.Bd3 b6 9.Qc2 Bb7 10.f3 Qe7 11.O-O-O a6 12.Qb3 b5 13.a4
c6 14.Ne2 O-O 15.g4 c5 16.axb5 cxd4 17.cxd4 Rfc8+ 18.Kd2 Bd5
19.Qa3 Qd8 20.bxa6 Be7 21.b4 Nb6 22.Nc5 Bc4 23.Qc3 Bxa6 24.Bxa6
Rxa6 25.Ra1 Na4 26.Qd3 Nxc5 27.dxc5 Rxa1 28.Rxa1 Qc7 29.Qe4 Rd8+
30.Ke3 Qxh2 31.Rf1 Qh3 32.Rc1 Bg5+ 33.Nf4 Qh2 34.Rc2 Bxf4+ 35.Qxf4
Rd3+ 36.Kxd3 Qxf4 1/2-1/2

[Event "Moscow Open 2009 B"]
[Site "www.moscowchessopen.ru"]
[Date "2009.02.06"]
[Round "7.194"]
[White "Emdin, Mark"]
[Black "Ulyankin, Igor"]
[Result "1-0"]
[WhiteElo "1885"]
[BlackElo "1400"]
[Annotator ""]
[Source ""]
[Remark ""]

1.e4 d6 2.d4 Nf6 3.Nc3 g6 4.Be3 Bg7 5.f3 c6 6.Qd2 e5 7.dxe5 dxe5
8.Qxd8+ Kxd8 9.O-O-O+ Kc7 10.Bc4 Be6 11.Bxe6 fxe6 12.Nh3 h6 13.Nf2
Nbd7 14.Nd3 b6 15.Rd2 Rhd8 16.Rhd1 Bf8 17.Kb1 b5 18.h3 a6 19.Kc1
Rab8 20.Ne2 c5 21.Nf2 c4 22.f4 b4 23.fxe5 c3 24.Rd3 Nh5 25.g4
Ng7 26.Bxh6 cxb2+ 27.Kb1 Bc5 28.Nh1 Bf8 29.Bg5 1-0

[Event "Moscow Open 2009 B"]
[Site "www.moscowchessopen.ru"]
[Date "2009.02.06"]
[Round "7.195"]
[White "Tilessov, Danat"]
[Black "Shurunov, Andrei"]
[Result "0-1"]
[WhiteElo "1400"]
[BlackElo "1882"]
[Annotator ""]
[Source ""]
[Remark ""]

1.e4 c5 2.Ne2 e6 3.c4 Nc6 4.Nbc3 Nf6 5.d4 cxd4 6.Nxd4 Bb4 7.Nxc6
bxc6 8.Bd3 d5 9.exd5 cxd5 10.O-O O-O 11.cxd5 Nxd5 12.Nxd5 Qxd5
13.Qc2 Qh5 14.Be3 Bb7 15.Qe2 Qxe2 16.Bxe2 a5 17.a3 Be7 18.Rac1
Bd5 19.Bc4 Bxc4 20.Rxc4 Rfb8 21.Bd4 Rb7 22.Ra4 Rd8 23.Bc3 Rd5
24.Rb1 Bd8 25.Kf1 Rc5 26.Rd1 Be7 27.Rd2 Ra7 28.Ke2 Ra8 29.Kd1
f5 30.Bb4 Rc4 31.Rxa5 Rxa5 32.Bxa5 Bg5 33.Rc2 Rd4+ 34.Ke2 Be7
35.b4 Kf7 36.Bb6 Rd6 37.Bc5 Rc6 38.Kd3 Ra6 39.Bxe7 Kxe7 40.Rc3
Kd6 41.Kc4 Rc6+ 42.Kb3 Rb6 43.a4 e5 44.a5 Rb8 45.a6 Rb6 46.Rd3+
Ke6 47.Rc3 Kd6 48.Rc2 Rxa6 49.b5 Rb6 50.Kb4 e4 51.Ka5 Rb8 52.b6
Kd5 53.Ka6 f4 54.Ka7 Re8 55.b7 e3 56.b8Q Rxb8 57.Kxb8 Ke4 58.g3
f3 59.fxe3 Kxe3 60.Kc8 f2 61.Rc1 Ke2 62.Kd7 f1Q 63.Rxf1 Kxf1
64.Ke7 Kg2 65.Kf7 g5 66.Kf6 h6 67.h4 g4 68.Kg6 Kxg3 69.h5 Kf4
70.Kxh6 g3 0-1

[Event "Moscow Open 2009 B"]
[Site "www.moscowchessopen.ru"]
[Date "2009.02.06"]
[Round "7.196"]
[White "Grishaev, Igor"]
[Black "Motruk, Oleg"]
[Result "1-0"]
[WhiteElo "2010"]
[BlackElo "1727"]
[Annotator ""]
[Source ""]
[Remark ""]

1.e4 d5 2.exd5 Nf6 3.d4 Nxd5 4.Nf3 g6 5.Bc4 c6 6.O-O Bg7 7.h3
O-O 8.Bg5 h6 9.Bh4 Nf4 10.c3 Qd7 11.Nbd2 Nxg2 12.Kxg2 Qxh3+ 13.Kg1
Bg4 14.Bg3 h5 15.Re1 Bxf3 16.Qxf3 Bf6 17.Bf4 Qd7 18.Re4 Kg7 1-0

[Event "Moscow Open 2009 B"]
[Site "www.moscowchessopen.ru"]
[Date "2009.02.06"]
[Round "7.198"]
[White "Yuganova, Marina"]
[Black "Khorsun, Vsevolod"]
[Result "1-0"]
[WhiteElo "2000"]
[BlackElo "1715"]
[Annotator ""]
[Source ""]
[Remark ""]

1.c4 Nf6 2.g3 g6 3.Bg2 Bg7 4.d3 O-O 5.Nf3 d6 6.O-O e5 7.Nc3 c6
8.d4 Nbd7 9.b3 Re8 10.Ba3 e4 11.Ne1 e3 12.f3 Qc7 13.Nc2 h5 14.Qd3
Bh6 15.Bc1 Nf8 16.Nxe3 h4 17.d5 c5 18.Nc2 Bg7 19.e4 Qe7 20.Bb2
hxg3 21.hxg3 Nh5 22.f4 g5 23.Qf3 g4 24.Qd3 Ng6 25.Rae1 Bd4+ 26.Nxd4
cxd4 27.Ne2 Nh4 28.Qxd4 Kh7 29.e5 Nf5 30.Be4 Kh6 31.Qd3 Kg7 32.Kg2
b5 33.Rh1 Bd7 34.e6+ 1-0

[Event "Moscow Open 2009 B"]
[Site "www.moscowchessopen.ru"]
[Date "2009.02.06"]
[Round "7.199"]
[White "Bissembayev, Samgzar"]
[Black "Lavrischev, Anatoliy"]
[Result "0-1"]
[WhiteElo "1400"]
[BlackElo "1981"]
[Annotator ""]
[Source ""]
[Remark ""]

1.c4 b6 2.d4 Bb7 3.d5 c6 4.Nc3 e6 5.a3 d6 6.Nf3 h6 7.Bf4 e5 8.Bg3
f5 9.e3 g5 10.h3 Nf6 11.Be2 c5 12.Qc2 e4 13.Nd2 Bc8 14.f3 exf3
15.Bxf3 Be7 16.O-O-O Kf7 17.Bh2 h5 18.e4 f4 19.g3 g4 20.hxg4
hxg4 21.gxf4 gxf3 22.Nxf3 Ng4 23.Rdg1 Rh3 24.Qg2 Rh8 25.e5 Bf5
26.exd6 Bf6 27.Bg3 Ne3 0-1

[Event "Moscow Open 2009 B"]
[Site "www.moscowchessopen.ru"]
[Date "2009.02.06"]
[Round "7.200"]
[White "Gavrilenko, Viktor"]
[Black "Vasiliev, Mikhail"]
[Result "0-1"]
[WhiteElo "1969"]
[BlackElo "1486"]
[Annotator ""]
[Source ""]
[Remark ""]

1.d4 e6 2.Nf3 Nf6 3.g3 d5 4.Bg2 Be7 5.b3 O-O 6.c4 h6 7.O-O Bd7
8.Ne5 Bd6 9.Ba3 Re8 10.f4 Bf8 11.Bxf8 Rxf8 12.Nc3 Nc6 13.cxd5
exd5 14.Nxd5 Nxd5 15.Bxd5 Bh3 16.Nxc6 Qd6 17.Rf2 bxc6 18.Bf3
Rab8 19.Rc1 Rb6 20.e4 Bd7 21.Rfc2 Rc8 22.Rc5 Rb5 23.e5 Qg6 24.Qe2
Rxc5 25.Rxc5 Re8 26.Be4 f5 27.Bf3 Qe6 28.d5 Qe7 29.Qc4 Kh8 30.dxc6
Be6 31.Bd5 Bc8 32.b4 h5 33.Bf7 Rd8 34.Bxh5 Rd2 35.Bf3 Be6 36.Qf1
Qd8 37.Rb5 Rxa2 38.Kh1 g6 39.Rb7 Kg8 40.Qd1 Rd2 41.Qg1 Qd3 42.Bg2
Rd1 43.Rxc7 Rxg1+ 44.Kxg1 Qe3+ 0-1

[Event "Moscow Open 2009 B"]
[Site "www.moscowchessopen.ru"]
[Date "2009.02.06"]
[Round "7.201"]
[White "Absoliamov, Javday"]
[Black "Amelichkin, Nikolay"]
[Result "1-0"]
[WhiteElo "1948"]
[BlackElo "1400"]
[Annotator ""]
[Source ""]
[Remark ""]

1.c4 Nf6 2.Nc3 e6 3.e4 Bb4 4.Nge2 d6 5.g3 O-O 6.Bg2 Nc6 7.O-O
e5 8.d4 Bxc3 9.bxc3 Bg4 10.f3 Bd7 11.Qd3 Qc8 12.Rb1 b6 13.Bg5
Ne8 14.d5 f6 15.dxc6 Bxc6 16.Be3 g5 17.g4 Ng7 18.Ng3 a5 19.Rb2
Qe8 20.Rfb1 h5 21.gxh5 Nxh5 22.Nf5 Rd8 23.Bh3 Nf4 24.Bxf4 exf4
25.Rg2 Qe5 26.Qd4 Kh7 27.Qd3 Rg8 28.Nd4 Bd7 29.Nf5 Be6 30.Rb5
d5 31.cxd5 c6 32.Rxb6 cxd5 33.Rb7+ Kh8 34.Rd2 g4 35.Bxg4 Bxf5
36.exf5 Qe1+ 37.Qf1 Qh4 38.Qf2 Qg5 39.Kh1 Rg7 40.Rdb2 Rdg8 41.Qe1
Qh6 42.Rxg7 Qxg7 43.Qh4+ Qh7 44.Qxh7+ Kxh7 1-0

[Event "Moscow Open 2009 B"]
[Site "www.moscowchessopen.ru"]
[Date "2009.02.06"]
[Round "7.202"]
[White "Chaplinskiy, Sergey"]
[Black "Andreev, Volodymyr"]
[Result "1-0"]
[WhiteElo "1400"]
[BlackElo "1915"]
[Annotator ""]
[Source ""]
[Remark ""]

1.d4 Nf6 2.c4 g6 3.Nc3 Bg7 4.e4 d6 5.Nf3 O-O 6.Be2 Bg4 7.O-O
Nc6 8.Be3 Nd7 9.Rb1 Bxf3 10.Bxf3 e5 11.d5 Ne7 12.Be2 a6 13.b4
f5 14.f3 b6 15.Qd2 f4 16.Bf2 g5 17.h3 h5 18.Rfc1 Kh7 19.Nd1 Bh6
20.Qb2 Nf6 21.c5 g4 22.hxg4 hxg4 23.fxg4 Rg8 24.Bf3 Nxg4 25.Bh4
Qd7 26.Rc3 Ng6 27.Bf2 Nxf2 28.Qxf2 dxc5 29.bxc5 b5 1-0

[Event "Moscow Open 2009 B"]
[Site "www.moscowchessopen.ru"]
[Date "2009.02.06"]
[Round "7.203"]
[White "Chuprakov, Ruslan"]
[Black "Meshechko, Julia"]
[Result "1/2-1/2"]
[WhiteElo "1400"]
[BlackElo "1897"]
[Annotator ""]
[Source ""]
[Remark ""]

1.d4 Nf6 2.c4 g6 3.Nc3 Bg7 4.e4 d6 5.f3 O-O 6.Be3 Nbd7 7.Qd2
e5 8.d5 c6 9.Bd3 cxd5 10.cxd5 Nc5 11.Nge2 Nxd3+ 12.Qxd3 Ne8 13.O-O-O
f5 14.Qd2 f4 15.Bf2 Qa5 16.Kb1 b5 17.a3 Bd7 18.Na2 Qa6 19.Nb4
Qb7 20.Rc1 Nc7 21.Nc6 Kh8 22.Qb4 Ne8 23.Rc2 a6 24.Rhc1 g5 25.h3
h5 26.Rc3 Bf6 27.Qa5 g4 28.hxg4 hxg4 29.Rh1+ Kg7 30.Bh4 Rh8 31.Bxf6+
Nxf6 32.Rhc1 Rh2 33.Ne7 Rxg2 34.Nf5+ Kf8 35.Nxd6 Qa7 36.Rc7 Qe3 1/2-1/2

[Event "Moscow Open 2009 B"]
[Site "www.moscowchessopen.ru"]
[Date "2009.02.06"]
[Round "7.204"]
[White "Galyaev, Ivan"]
[Black "Alieva, Nurlana"]
[Result "1/2-1/2"]
[WhiteElo "1400"]
[BlackElo "1874"]
[Annotator ""]
[Source ""]
[Remark ""]

1.e4 c5 2.c3 e6 3.d4 a6 4.Nf3 b5 5.Bd3 Bb7 6.O-O Qc7 7.Qe2 d6
8.Bf4 Nd7 9.Nbd2 Ngf6 10.a4 c4 11.Bc2 Rc8 12.axb5 axb5 13.Ra3
Be7 14.Rfa1 O-O 15.Bg5 Rfe8 16.Ra5 Qc6 17.e5 dxe5 18.dxe5 Nd5
19.Bxe7 Rxe7 20.Be4 Qb6 21.Nd4 Rc5 22.N2f3 b4 23.Rxc5 Qxc5 24.cxb4
Qxb4 25.Qc2 g6 26.Ra4 Qb6 27.Rxc4 Nb4 28.Qe2 Bxe4 29.Qxe4 Nc5
30.Qe3 Nbd3 31.Nc2 Qxb2 32.Rxc5 Nxc5 33.Qxc5 Qb1+ 34.Nce1 Rb7 1/2-1/2

[Event "Moscow Open 2009 B"]
[Site "www.moscowchessopen.ru"]
[Date "2009.02.06"]
[Round "7.206"]
[White "Kalmykova, Tatiana"]
[Black "Paldyaev, Vladislav"]
[Result "0-1"]
[WhiteElo "1400"]
[BlackElo "1853"]
[Annotator ""]
[Source ""]
[Remark ""]

1.c4 c5 2.Nc3 Nc6 3.g3 g6 4.Bg2 Bg7 5.d3 e6 6.e3 Nge7 7.Nge2
O-O 8.O-O d5 9.Qb3 d4 10.Ne4 b6 11.exd4 cxd4 12.Bg5 Bb7 13.c5
Na5 14.Qb5 f6 15.Bd2 Bc6 16.Qb4 Nd5 17.Qa3 Ne7 18.cxb6 axb6 19.Bb4
Ra7 20.Bxe7 Rxe7 21.b4 Bxe4 22.Bxe4 Nb7 23.Qb3 Kh8 24.Bxb7 Rxb7
25.Qxe6 Re7 26.Qg4 f5 27.Qf3 Rfe8 28.Nf4 Qd6 29.a3 g5 30.Nh5
f4 31.Nxg7 Rxg7 32.Rfe1 Rf8 33.Qe4 Qh6 34.Qg2 f3 35.Qf1 g4 36.Re4
Rg6 37.Rxd4 Qh5 38.h4 gxh3 39.Rh4 Qxh4 0-1

[Event "Moscow Open 2009 B"]
[Site "www.moscowchessopen.ru"]
[Date "2009.02.06"]
[Round "7.207"]
[White "Kruchinin, Anatoly V"]
[Black "Mikhaylov, Alexandr D."]
[Result "0-1"]
[WhiteElo "1809"]
[BlackElo "1400"]
[Annotator ""]
[Source ""]
[Remark ""]

1.Nf3 c5 2.g3 d5 3.Bg2 Nf6 4.c4 e6 5.O-O Bd6 6.d4 O-O 7.dxc5
Bxc5 8.cxd5 exd5 9.Bg5 Nbd7 10.Nc3 Qa5 11.a3 Qc7 12.Rc1 Qd6 13.b4
Bb6 14.Nb5 Qe6 15.Nfd4 Qe7 16.Bf4 Ne5 17.Bxe5 Qxe5 18.Nf3 Qe7
19.e3 a5 20.Nc3 Be6 21.Na4 Bd8 22.Nc5 Bg4 23.Qd4 Bb6 24.Ne5 Be6
25.Qb2 Rfc8 26.Ncd3 Bf5 27.Rxc8+ Rxc8 28.Rc1 Re8 29.bxa5 Bxa5
30.Rb1 Bc7 31.f4 Bxd3 32.Nxd3 0-1

[Event "Moscow Open 2009 B"]
[Site "www.moscowchessopen.ru"]
[Date "2009.02.06"]
[Round "7.208"]
[White "Mifodovsky, Valery"]
[Black "Mironov, Yury"]
[Result "0-1"]
[WhiteElo "1400"]
[BlackElo "1792"]
[Annotator ""]
[Source ""]
[Remark ""]

1.e4 c5 2.Nf3 d6 3.c4 Nc6 4.Nc3 g6 5.h3 Bg7 6.Be2 Nf6 7.O-O O-O
8.d3 e6 9.Be3 b6 10.d4 cxd4 11.Nxd4 Nxd4 12.Bxd4 Bb7 13.f4 Qe7
14.Bf3 Rfd8 15.Re1 Rac8 16.Qd3 Bh6 17.g3 Nd7 18.b4 e5 19.Be3
exf4 20.gxf4 Qh4 21.Bg4 Qg3+ 22.Kf1 Bxf4 23.Nd5 Bxd5 24.cxd5
Ne5 25.Qe2 Nxg4 26.Qxg4 Qxg4 27.hxg4 Bxe3 28.Rxe3 Rc2 29.Re2
Rdc8 30.Rae1 Rxe2 31.Rxe2 Rc4 32.a3 Kf8 33.Kf2 b5 34.g5 Rc3 35.Re1
Ke7 36.Rh1 Rxa3 37.Rxh7 Rd3 38.Rh8 Rd4 39.Ke3 Rxb4 40.Rb8 a5
41.Rb7+ Ke8 42.Rb8+ Ke7 43.Rb7+ Kf8 44.Rb8+ Kg7 45.Rb6 a4 46.Rxd6
a3 47.Ra6 Ra4 48.Rxa4 bxa4 49.d6 a2 50.d7 a1Q 51.d8Q Qe5 52.Qa8
Qxg5+ 53.Kd4 Qb5 54.e5 Qb2+ 55.Kd3 Qxe5 56.Qxa4 g5 57.Qd7 Qe6
58.Qd8 Kg6 59.Qg8+ Kf5 60.Qh7+ Kg4 61.Qh8 f5 62.Qh2 Qe4+ 63.Kc3
Qe3+ 64.Kc2 f4 65.Qg2+ Qg3 66.Qe4 Kh3 67.Qh7+ Kg2 68.Kd1 g4 0-1

[Event "Moscow Open 2009 B"]
[Site "www.moscowchessopen.ru"]
[Date "2009.02.06"]
[Round "7.209"]
[White "Litvinov, Konstantin"]
[Black "Kanatzhanov, Nurzhan"]
[Result "1-0"]
[WhiteElo "1768"]
[BlackElo "1400"]
[Annotator ""]
[Source ""]
[Remark ""]

1.d4 c5 2.d5 e6 3.c4 exd5 4.cxd5 d6 5.Nc3 Nf6 6.Nf3 g6 7.e4 Bg7
8.Bf4 a6 9.Be2 O-O 10.O-O Bg4 11.h3 Bxf3 12.Bxf3 Qc7 13.e5 dxe5
14.d6 Qd7 15.Bxe5 Nc6 16.Bxf6 Bxf6 17.Na4 Qf5 18.Bg4 Qg5 19.f4
Qh4 20.Kh1 b5 21.Nxc5 Bxb2 22.Rb1 Bd4 23.Nd7 Rfd8 24.Bf3 Nb8
25.Bxa8 1-0

[Event "Moscow Open 2009 B"]
[Site "www.moscowchessopen.ru"]
[Date "2009.02.06"]
[Round "7.210"]
[White "Bondarev, Ivan"]
[Black "Pechonkin, Oleg"]
[Result "0-1"]
[WhiteElo "1759"]
[BlackElo "1400"]
[Annotator ""]
[Source ""]
[Remark ""]

1.e4 d6 2.d4 g6 3.Nc3 Bg7 4.Bg5 c5 5.d5 Nf6 6.Nf3 O-O 7.Be2 Re8
8.O-O a6 9.a4 h6 10.Bh4 g5 11.Bg3 Nh5 12.Qd2 Nxg3 13.fxg3 Nd7
14.a5 b5 15.axb6 Qxb6 16.Na4 Qc7 17.Kh1 Nf6 18.Nc3 Bb7 19.Ra2
e6 20.Bc4 exd5 21.exd5 Ng4 22.Nd1 Ne5 23.Nxe5 Rxe5 24.Ne3 Qd7
25.Bd3 Rae8 26.Nc4 Rxd5 27.Nb6 Rxd3 28.cxd3 Qc6 29.Nc4 Qd5 30.Raa1
Bd4 31.Rae1 Rf8 32.Re7 Bc6 33.Rfe1 Rb8 34.Qc2 Rb3 35.Ne3 Bxe3
36.R7xe3 Bb5 37.Rd1 a5 38.Qe2 a4 39.h4 Qd4 40.hxg5 hxg5 41.Rf1
Qd5 42.Rd1 c4 43.dxc4 Rxe3 44.Rxd5 Rxe2 45.Rxb5 f6 46.Rb4 Kf7
47.Kg1 Ke6 48.Kf1 Rc2 49.g4 Kd7 50.Rxa4 Rxb2 51.Ra7+ Ke6 52.Ra6
Rc2 53.Ra4 Ke5 54.Kg1 Kd4 55.Ra6 Kc5 56.Ra5+ Kxc4 57.Rf5 Rd2
58.Rxf6 Rd5 59.Rg6 Kc5 60.Kf2 Re5 61.Rf6 d5 62.Rf8 d4 63.Rc8+
Kb4 64.Rb8+ Kc3 65.Ra8 d3 66.Ra3+ Kc2 67.Ra2+ Kb3 68.Ra8 d2 69.Rd8
Kc2 70.Rc8+ Kd1 71.Rc4 Ra5 72.Rc6 Ra2 73.Rc5 Rc2 74.Rxg5 Kc1 0-1

[Event "Moscow Open 2009 B"]
[Site "www.moscowchessopen.ru"]
[Date "2009.02.06"]
[Round "7.211"]
[White "Makushkin, Nikolay"]
[Black "Radyanets, Andrey"]
[Result "1-0"]
[WhiteElo "1949"]
[BlackElo "1400"]
[Annotator ""]
[Source ""]
[Remark ""]

1.e4 c5 2.c3 g6 3.f4 Bg7 4.d4 cxd4 5.cxd4 d6 6.Nc3 e6 7.Nf3 Ne7
8.Bd3 Qb6 9.Na4 Qd8 10.O-O a6 11.Be3 Nd7 12.Rc1 b5 13.Nc3 Bb7
14.a3 Rc8 15.Bb1 Nb6 16.b3 Nd7 17.e5 d5 18.Qd2 O-O 19.Qe1 Nf5
20.Bf2 Qa5 21.g4 Nh6 22.g5 Nf5 23.a4 bxa4 24.Nxa4 Qb4 25.Bxf5
gxf5 26.Qe3 a5 27.Nc5 Nxc5 28.dxc5 Ba6 29.Rfd1 Qb8 30.Rd2 Qb5
31.Rdc2 Rb8 32.Nd4 Qd7 33.c6 Qe7 34.c7 Ra8 35.Qc3 h6 36.h4 hxg5
37.hxg5 Rfc8 38.Qxa5 Bd3 39.Qc5 Qe8 40.Rc3 Bf8 41.Qc6 Qxc6 42.Rxc6
Ra2 43.Rb6 Raa8 44.Nb5 Kg7 45.Nd6 Bxd6 46.exd6 1-0

[Event "Moscow Open 2009 B"]
[Site "www.moscowchessopen.ru"]
[Date "2009.02.06"]
[Round "7.212"]
[White "Belskij, Artem"]
[Black "Nepomnin, Vladilen"]
[Result "0-1"]
[WhiteElo "1400"]
[BlackElo "1888"]
[Annotator ""]
[Source ""]
[Remark ""]

1.d4 d5 2.c4 e6 3.Nc3 Nf6 4.cxd5 exd5 5.Bg5 Nbd7 6.e3 c6 7.Qc2
Be7 8.Bd3 O-O 9.Nf3 Re8 10.O-O h6 11.Bh4 Ne4 12.Bxe7 Qxe7 13.Bxe4
dxe4 14.Nd2 Nf6 15.Rae1 b6 16.Qa4 a5 17.f3 Ba6 18.Rf2 exf3 19.Nxf3
c5 20.Ne5 cxd4 21.exd4 Qc7 22.Nb5 Bxb5 23.Qxb5 Re6 24.Rfe2 Rae8
25.Rf1 Qd6 26.Qd3 Rxe5 27.Rxe5 Rxe5 0-1

[Event "Moscow Open 2009 B"]
[Site "www.moscowchessopen.ru"]
[Date "2009.02.06"]
[Round "7.213"]
[White "Tamarovskiy, Andrey"]
[Black "Janikyan, Navek"]
[Result "1-0"]
[WhiteElo "1883"]
[BlackElo "1400"]
[Annotator ""]
[Source ""]
[Remark ""]

1.e4 c6 2.d4 d5 3.exd5 cxd5 4.Bd3 Nf6 5.Ne2 b6 6.O-O Ba6 7.c3
Bxd3 8.Qxd3 e6 9.Nd2 Be7 10.Ng3 Nbd7 11.f4 g6 12.Nf3 Qc7 13.Ne5
Rf8 14.Bd2 Ng8 15.Rae1 O-O-O 16.Qa6+ Qb7 17.Qa4 Nxe5 18.fxe5
Qd7 19.Qa6+ Qb7 20.Qd3 Qc6 21.a4 Kb7 22.b4 Rc8 23.Ra1 Qc4 24.Qxc4
Rxc4 25.Ne2 Rfc8 26.a5 b5 27.a6+ Kb6 28.Nf4 Bg5 29.Rf3 Bxf4 30.Bxf4
R4c7 31.Bd2 Rf8 32.h4 Re8 33.h5 Rd8 34.hxg6 hxg6 35.Raf1 Rdd7
36.Kf2 Kc6 37.Rh1 Rc8 38.Rh7 Kb6 39.Rhxf7 Rxf7 40.Rxf7 Rc7 41.Rf8
Ne7 42.Bg5 Kc6 43.Re8 Nf5 44.Rxe6+ Kd7 45.Rxg6 Rxc3 46.e6+ Kd6
47.g4 Ne7 48.Bf4+ Kc6 49.Rg7 1-0

[Event "Moscow Open 2009 B"]
[Site "www.moscowchessopen.ru"]
[Date "2009.02.06"]
[Round "7.214"]
[White "Mezentsev, Ivan"]
[Black "Matyushin, Lev"]
[Result "1-0"]
[WhiteElo "1400"]
[BlackElo "1865"]
[Annotator ""]
[Source ""]
[Remark ""]

1.c4 e5 2.Nc3 Nf6 3.g3 Be7 4.Bg2 c6 5.d4 exd4 6.Qxd4 O-O 7.Nf3
Re8 8.O-O h6 9.Nd2 d6 10.Nde4 Bf5 11.Bf4 Qd7 12.Nxd6 Bg6 13.Qd1
Rd8 14.Nde4 Qe6 15.Nxf6+ Bxf6 16.Qb3 b6 17.Rad1 Rxd1 18.Rxd1
Be7 19.e4 Nd7 20.Be3 Ne5 21.f4 Nxc4 22.Bf2 Bh5 23.Re1 Na5 24.Qxe6
fxe6 25.Bh3 Kf7 26.g4 Bg6 27.Bg2 Nc4 28.f5 Bh7 29.b3 Ne5 30.h3
Nd3 31.Rd1 Nxf2 32.Kxf2 Rd8 33.Rxd8 Bxd8 34.Ne2 Bf6 35.Nf4 exf5
36.gxf5 Bd4+ 37.Ke2 c5 38.Ne6 Bf6 39.Kd3 h5 40.Kc4 g6 1-0

[Event "Moscow Open 2009 B"]
[Site "www.moscowchessopen.ru"]
[Date "2009.02.06"]
[Round "7.215"]
[White "Nikologorskiy, Ioann"]
[Black "Petukhov, Nikolay"]
[Result "1/2-1/2"]
[WhiteElo "1400"]
[BlackElo "1843"]
[Annotator ""]
[Source ""]
[Remark ""]

1.c4 c5 2.Nc3 g6 3.g3 Nc6 4.Bg2 Bg7 5.e4 e6 6.Nge2 Nge7 7.O-O
O-O 8.d3 a6 9.f4 f5 10.e5 d6 11.exd6 Qxd6 12.Re1 Nb4 13.Be3 Bd4
14.Bxd4 cxd4 15.Nb1 Rb8 16.a3 Nbc6 17.Nd2 e5 18.fxe5 Nxe5 19.Nb3
N7c6 20.c5 Qd8 21.Nf4 Qg5 22.Qe2 Bd7 23.Qf2 Ng4 24.Qf3 Rbd8 25.Qd5+
Kg7 26.Nxd4 Nxd4 27.Qxd4+ Kh6 28.h4 Qf6 29.Qxf6 Nxf6 30.Bxb7
Bc8 31.Bg2 a5 32.Rac1 Nh5 33.Nxh5 Kxh5 34.Red1 Rd4 35.Bf3+ Kh6
36.c6 Rfd8 37.c7 Re8 38.Kf2 f4 39.g4 Re3 40.g5+ Kg7 41.Be4 Rh3
42.Rh1 Rg3 1/2-1/2

[Event "Moscow Open 2009 B"]
[Site "www.moscowchessopen.ru"]
[Date "2009.02.06"]
[Round "7.216"]
[White "Shein, Andrey"]
[Black "Rubanov, Sergey"]
[Result "0-1"]
[WhiteElo "1400"]
[BlackElo "1788"]
[Annotator ""]
[Source ""]
[Remark ""]

1.d4 Nf6 2.c4 g6 3.Nc3 d5 4.cxd5 Nxd5 5.e3 Bg7 6.Bc4 e6 7.Nf3
O-O 8.O-O Nc6 9.Nxd5 exd5 10.Bb3 Na5 11.Bc2 Nc4 12.b3 Nd6 13.Ba3
Re8 14.Bxd6 Qxd6 15.Rc1 c6 16.Bb1 Qf6 17.Nd2 Bf8 18.Qe2 Bd6 19.Nf3
Re7 20.Bd3 Bc7 21.b4 Qd6 22.b5 Bg4 23.g3 Qf6 0-1

[Event "Moscow Open 2009 B"]
[Site "www.moscowchessopen.ru"]
[Date "2009.02.06"]
[Round "7.217"]
[White "Tarasenko, Vitalij"]
[Black "Kosov, Igor"]
[Result "1/2-1/2"]
[WhiteElo "1400"]
[BlackElo "1743"]
[Annotator ""]
[Source ""]
[Remark ""]

1.d4 Nf6 2.c4 g6 3.Nf3 Bg7 4.e3 O-O 5.Be2 d6 6.O-O Nc6 7.Nc3
e5 8.dxe5 dxe5 9.a3 a5 10.Qxd8 Rxd8 11.Rd1 Be6 12.Bd2 e4 13.Ne1
Rd7 14.Nc2 Ne5 15.b3 Rad8 16.Bc1 Nd3 17.Bxd3 exd3 18.Nd4 c5 19.Nxe6
fxe6 20.Bd2 e5 21.Rac1 e4 22.Na4 b6 23.Nc3 Re8 24.a4 g5 25.g3
g4 26.Kg2 h5 27.h4 Rd6 28.Nb5 Rdd8 29.Nc7 Re7 30.Nb5 Nd7 31.Bc3
Ne5 32.Bxe5 Bxe5 33.Nc3 Red7 34.Rd2 Bxc3 35.Rxc3 Kf7 36.Rc1 Ke6
37.Rc3 Rc7 38.Rc1 1/2-1/2

[Event "Moscow Open 2009 B"]
[Site "www.moscowchessopen.ru"]
[Date "2009.02.06"]
[Round "7.218"]
[White "Rodnov, Sergey"]
[Black "Losev, Sergey Sergeyvich"]
[Result "0-1"]
[WhiteElo "1512"]
[BlackElo "1400"]
[Annotator ""]
[Source ""]
[Remark ""]

1.d4 d5 2.Nf3 Nf6 3.e3 Bf5 4.Nbd2 e6 5.Be2 Bd6 6.O-O O-O 7.Ne5
Nbd7 8.f4 Ne4 9.g4 Nxd2 10.Bxd2 Be4 11.Be1 Nxe5 12.dxe5 Be7 13.c4
f6 14.cxd5 Bxd5 15.exf6 Bxf6 16.Bc3 Bxc3 17.bxc3 Qf6 18.Rc1 Rad8
19.Qc2 Qh4 20.c4 Bc6 21.g5 Qh3 22.e4 Qe3+ 23.Rf2 Rd2 24.Qc3 Rxe2
25.Qxe3 Rxe3 0-1

[Event "Moscow Open 2009 B"]
[Site "www.moscowchessopen.ru"]
[Date "2009.02.06"]
[Round "7.219"]
[White "Andreanov, Vassily"]
[Black "Zhuldybin, Maxim"]
[Result "1/2-1/2"]
[WhiteElo "1400"]
[BlackElo "1400"]
[Annotator ""]
[Source ""]
[Remark ""]

1.d4 c5 2.c3 cxd4 3.cxd4 e6 4.e3 a6 5.Be2 Nf6 6.Nc3 Bb4 7.Bd3
Qa5 8.Bd2 Nd5 9.Nxd5 Bxd2+ 10.Qxd2 Qxd5 11.Nf3 Nc6 12.O-O b5
13.Bc2 f5 14.Rfe1 Bb7 15.e4 fxe4 16.Bxe4 Qd6 17.Rad1 O-O-O 18.Rc1
Kb8 19.a3 h6 20.d5 Ne5 21.Rcd1 g5 22.Qd4 Nc4 23.a4 exd5 24.axb5
axb5 25.Bxd5 g4 26.Ne5 Rhe8 27.Bxc4 Qxd4 28.Rxd4 bxc4 29.Rxc4
Bc6 30.Nxc6+ dxc6 31.Rec1 Re2 1/2-1/2

[Event "Moscow Open 2009 B"]
[Site "www.moscowchessopen.ru"]
[Date "2009.02.06"]
[Round "7.220"]
[White "Ersin, Nurbek"]
[Black "Ahmadov, Vusal Karimkhan Oglu"]
[Result "0-1"]
[WhiteElo "1400"]
[BlackElo "1953"]
[Annotator ""]
[Source ""]
[Remark ""]

1.e4 c5 2.Nf3 Nc6 3.d4 cxd4 4.Nxd4 Nf6 5.Nc3 e5 6.Nb3 Bb4 7.Bd3
O-O 8.O-O h6 9.Nd5 Be7 10.f4 d6 11.Qf3 Be6 12.Nxe7+ Qxe7 13.f5
Bxb3 14.axb3 Nd4 15.Qf2 Rfc8 16.Kh1 a6 17.h3 Qc7 18.Qh4 Nxc2
19.Bxc2 Qxc2 20.Bxh6 Qxe4 21.Qg5 Ne8 22.Rae1 f6 23.Qxg7+ Nxg7
24.Rxe4 Kf7 25.Rb4 b5 26.Rd1 Nxf5 27.Bd2 Rc2 0-1